000 00607nam a22002297a 4500
003 OSt
005 20260218020002.0
008 150602b xxu||||| |||| 00| 0 eng d
020 _a978-8184739152
020 _a 818473915X
040 _cDNLM
082 _aQV748 A82p 2013
100 _aAnsel, Howard C
_95144
245 _aPharmaceutical calculations
250 _a14th ed.
260 _aPhiladelphia;
_bWolters kluwer,
_c2013
300 _aix;450p;
_bcol.ill;
_c26cm;
504 _aindex included
650 _apharmaceutical calculations
_95145
650 _apharmacy
_95146
942 _2z
_cO_SHELF
_01
999 _c1958
_d1958